| 000 | 01344cam a2200229 4500 | ||
|---|---|---|---|
| 001 | WB4019-05 | ||
| 008 | 040520n2004 000 0 eng u | ||
| 035 | _a(Sirsi) u126241 | ||
| 245 | _aEconomic recovery to benefit every UK region | ||
| 260 | _c2004 | ||
| 490 |
_aCBI News Release _v 19 May 2004 (3) |
||
| 520 | _aCBI survey, "A results overview of the regional survey of UK economic trends", shows that firms expect business to improve in every UK region during the second half of 2004. Domestic orders increased in firms in all regions over the last 12 months and the pace of growth is expected to increase over the next year. Output will also increase espcially in the southwest, East Midlands and the northeast. This will lead to increasing employment, particularly in London. For the CBI news release: http://www.cbi.org.uk/ndbs/press.nsf/0363c1f07c6ca 12a8025671c00381cc7/2215eccc724681c980256e97002833 1a?OpenDocument For the survey: http://www.cbi.org.uk/ndbs/press.nsf/0363c1f07c6ca 12a8025671c00381cc7/2215eccc724681c980256e97002833 1a/$FILE/RDA+Economic+Trends+-+May+2004.pdf | ||
| 590 | _aWB | ||
| 590 | _aWB | ||
| 650 | _aCBI | ||
| 650 | _aREGIONAL DEVELOPMENT AGENCIES | ||
| 650 | _aBUSINESS ENVIRONMENT | ||
| 650 | _aOUTPUT FORECAST | ||
| 650 | _aEMPLOYMENT MARKET | ||
| 690 | _aECONOMIC ISSUES | ||
| 942 | _n0 | ||
| 999 |
_c117378 _d117378 |
||